Estadísticas para Estados de EE. UU. en orden alfabético

Haz click aquí para tomar la prueba!

Estadísticas generales

  • Esta prueba ha sido tomada 1,533 veces
  • La puntuación promedio es 33 de 50

Estadísticas de respuestas

Estado % Correcto
AAlabama
95%
AAlaska
85%
AArkansas
84%
CCalifornia
83%
AArizona
81%
KKansas
80%
FFlorida
80%
GGeorgia
79%
IIllinois
76%
KKentucky
76%
DDelaware
75%
IIndiana
75%
CCarolina del Norte
75%
DDakota del Norte
74%
DDakota del Sur
74%
CCarolina del Sur
74%
IIdaho
73%
CColorado
73%
LLuisiana
72%
HHawái
72%
IIowa
70%
OOregón
67%
WWashington
67%
CConnecticut
66%
MMaine
66%
UUtah
65%
OOhio
65%
VVirginia
63%
VVermont
62%
WWyoming
61%
RRhode Island
60%
PPensilvania
59%
NNueva York
59%
WWisconsin
59%
NNevada
59%
MMaryland
58%
MMontana
58%
TTennessee
58%
TTexas
55%
NNebraska
55%
OOklahoma
55%
VVirginia Occidental
55%
NNueva Jersey
52%
MMassachusetts
51%
MMíchigan
51%
NNuevo México
50%
MMisuri
47%
NNuevo Hampshire
47%
MMisisipi
46%
MMinnesota
41%

Distribución de puntuación

Porcentaje por número respondido

Porcentaje de gente con cada puntuación

Historial de tus puntuaciones

No has tomado esta prueba